NYT's Top 20 Movies of the 21st Century - Statistics

General Stats
  • This quiz has been taken 54 times
  • The average score is 11 of 20
Answer Stats
Place Stars Year Director Answer % Correct
1 Choi Woo-shik and others 2019 Bong Joon Ho Parasite
85%
17 Heath Ledger, Jake Gyllenhaal 2005 Ang Lee Brokeback Mountain
83%
14 Brad Pitt, Christopher Waltz 2009 Quentin Tarantino Inglourious Basterds
83%
6 Javier Bardem 2007 Ethan and Joel Coen No Country for Old Men
72%
10 Jesse Eisenberg 2010 David Fincher The Social Network
72%
20 Leonardo DiCaprio 2013 Martin Scorsese The Wolf of Wall Street
72%
8 Daniel Kaluuya 2017 Jordan Peele Get Out
68%
9 (animation) 2002 Hayao Miyazaki Spirited Away
64%
11 Tom Hardy, Charlize Theron 2015 George Miller Mad Max: Fury Road
62%
3 Daniel Day-Lewis 2007 Paul Thomas Anderson There Will Be Blood
62%
7 Kate Winslet, Jim Carrey 2004 Michel Gondry Eternal Sunshine of the Spotless Mind
57%
16 Michelle Yeoh 2000 Ang Lee Crouching Tiger, Hidden Dragon
53%
2 Naomi Watts 2001 David Lynch Mulholland Drive
47%
19 Jake Gyllenhaal 2007 David Fincher Zodiac
43%
13 Clive Owen, Clare-Hope Ashitey 2006 Alfonso Cuarón Children of Men
40%
5 Alex Hibbert, Ashton Sanders, Trevante Rhodes 2016 Barry Jenkins Moonlight
36%
15 Alexandre Rodrigues 2003 Fernando Meirelles City of God
30%
12 Christian Friedel, Sandra Hüller 2023 Jonathan Glazer The Zone of Interest
28%
18 Diego Luna, Gael García Bernal 2002 Alfonso Cuarón Ytu Mama Tambien
28%
4 Tony Leung, Maggie Cheung 2001 Wong Kar-Wai In the Mood for Love
21%
No matching quizzes found
Score Distribution
Percent of People with Each Score
Percentile by Number Answered
Your Score History
You have not taken this quiz